000 00292cam a2200109ua 4500
082 _a828.09
_bBEH/AM
100 _aBehaver, Harold .
_91835
245 _aAmerican Critical Essays: Twentieth Century /
260 _aLondon :
_bOxford University Press ,
_c1961.
300 _a364 ; .
942 _cBK
999 _c3754
_d3754